000 00571nam a2200193Ia 4500
003 GCL
008 140319s9999 xx 000 0 ara d
040 _aGCL /
_cGCL
082 0 4 _a632.8
_bم ف
100 1 _aمحمود موسى ابوعرقوب
245 1 0 _aالفيرويد والامراض الفيرويدية /
_cمحمود موسى ابوعرقوب
300 _a590 ص
490 _a
650 0 4 _aالزراعة
650 0 4 _aالافات الزراعية
650 0 4 _aالزراعة - افات
650 0 4 _aالنبات - امراض
942 _2ddc
_cBK
999 _c48202
_d48202